000 00522nam a22001817a 4500
999 _c6934
_d6934
003 AR-CdUCM
008 190319b ||||| |||| 00| 0 spa d
040 _aMUNICIPALIDAD PROVINCIAL DEL CUSCO
_cBIBLIOTECA MUNICIPAL DEL CUSCO
082 _a869.813 /
_bON52
100 _aOnetti, Juan Carlos
_995
245 _aCuentos /
260 _aBuenos Aires :
_bAmérica Latina,
_c1971.
300 _a118 páginas ;
_c17 cm.
650 _aCuentos uruguayos
_919539
650 _aSiglo XX.
_98
942 _2ddc
_cLIBROS
945 _aafb